| 000 | 00457nam a22001457a 4500 | ||
|---|---|---|---|
| 008 | 150218b xxu||||| |||| 00| 0 eng d | ||
| 020 | _a0855974486 | ||
| 050 | _aBX2350.2.S642 | ||
| 100 |
_aSmith, Adrian B. _98628 |
||
| 245 |
_aGod and the aquarian age _bthe new era of the kingdom _c/ by Adrian B. Smith |
||
| 260 |
_aLondon _bMcCrimmon _c1990 |
||
| 300 |
_a133p. ; _c21cm. |
||
| 650 |
_aChristian life _xCatholic authors _915354 |
||
| 942 |
_2lcc _cMONOGRAPH |
||
| 999 |
_c122118 _d122118 |
||